000 00792nam a2200241 a 4500
001 BRCA_5509
005 20190320205118.0
008 250610s2005----mx-a######---#000-0#spa-#
020 _a9685827028
020 _a9709703714
041 _aspa
044 _amx
050 4 _aND813.G6
_b.G69 2005
245 1 0 _aGoya.
260 _aMéxico
_bPatronato del Museo Nacional de Arte
_c2005
300 _a299 p.
_bil. (algunas a color)
_c31 cm.
500 _aCatálogo de la exposición realizada en el Museo Nacional de Arte (Ciudad de México), noviembre 2005 - marzo 2006
504 _aBibliografía: p. [302-305]
600 1 4 _aGoya y Lucientes, Francisco José de
_d1746-1828
_911075
650 1 4 _aPintores españoles
_97620
650 1 4 _aGalerías y museos
_zEspaña
_97331
942 _2lcc
_cB
999 _c5203
_d5203